Las asociaciones de padres y alumnos: organización y dinámica
Guardado en:
| Autor principal: | |
|---|---|
| Formato: | Libro |
| Lenguaje: | español |
| Publicado: |
Madrid
Cincel
1979
|
| Colección: | Biblioteca Educación de Nuestro Tiempo, 2
|
| Materias: | |
| Etiquetas: |
Agregar Etiqueta
Sin Etiquetas, Sea el primero en etiquetar este registro!
|
MARC
| LEADER | 00000cam a2200000 a 4500 | ||
|---|---|---|---|
| 001 | UCG9232 | ||
| 003 | CL-VaPUC | ||
| 008 | 120302e19790000SP |||||||||||||||||spa|d | ||
| 020 | |a 8470461281 | ||
| 082 | 0 | 4 | |a 370.193 |b CAR |2 21 |
| 100 | 0 | |a Carrascosa Salas, Miguel J |e author |9 560714 | |
| 245 | 1 | 4 | |a Las asociaciones de padres y alumnos: organización y dinámica |
| 300 | |a 307 p | ||
| 942 | |c BK | ||
| 945 | |d 20120302 00:00:00 |a dcastane | ||
| 260 | |a Madrid |b Cincel |c 1979 | ||
| 650 | 0 | |a Democratización de la educación |9 307986 | |
| 650 | 0 | |a Sociología de la educación |9 260380 | |
| 650 | 0 | |a Asociaciones de padres y profesores |9 309457 | |
| 583 | |a last modification |c 20120302 10:37:00 |k Rodrigo Vera | ||
| 490 | 0 | |a Biblioteca Educación de Nuestro Tiempo, 2 | |
| 999 | |c 346796 |d 346794 | ||
| 952 | |0 0 |1 0 |4 0 |6 370_193000000000000_CAR_1979 |7 0 |8 P |9 447620 |a BIBEDU |b BIBEDU |c BIBEDU_PB |d 2019-11-22 |i 4837703 |o 370.193 CAR 1979 |p 4837703 |r 2024-01-25 |w 2019-11-22 |y BK |k EBA | ||